000
00305nam a22001337a 4500
008
170829b xxu||||| |||| 00| 0 eng d
020
_a
9781880559888
041
_a
eng
080
_a
070
100
_a
39
101
_a
MED
245
_a
CREATIVE BLACK-AND-WHITE PHOTOGRAPHY
_c
SUESS,B,J
942
_2
udc
_c
BK
999
_c
25342
_d
25342